La crisis de identidad en Daimond de Abel Posse /
Tallennettuna:
| Päätekijä: | |
|---|---|
| Aineistotyyppi: | Tuntematon |
| Kieli: | Spanish |
| Aiheet: | |
| Tagit: |
Lisää tagi
Ei tageja, Lisää ensimmäinen tagi!
|
MARC
| LEADER | 000000000a22000000004500 | ||
|---|---|---|---|
| 001 | 006806 | ||
| 041 | 0 | |a spa | |
| 082 | 0 | 4 | |a 306.1 |b I19i Identidad Cultural |
| 100 | 1 | |a Sanabria Sing, Carolina | |
| 245 | 1 | 3 | |a La crisis de identidad en Daimond de Abel Posse / |c Carolina Sanabria Sing. |
| 650 | 4 | |a DAIMON | |
| 650 | 4 | |a POSSE, ABEL | |
| 773 | 0 | |x 9977673020 |d San José, Costa Rica : Editorial de la Universidad de Costa Rica |t Identidades y Producciones Culturales en América Latina |g (1996), páginas 429-445 | |
| 942 | |c AM | ||
| 999 | |c 15580 |d 15580 | ||
